01111nac a22002891i 4500003000900000005001700009008004100026020001500067040004300082082002000125100004300145245011500188264004900303264001000352300004400362336002600406337002800432338002700460504004100487546007000528650003600598655001700634700003300651942001200684999001500696952011000711EG-ScBUE20250618091919.0250618t1968 maua f b 000 0 eng d a0262550040 aEG-ScBUEbengerdacEG-ScBUEdEG-ScBUE04a539.75bEDE2221 aEder, Gernot, eauthor.10aNuclear forces :bintroduction to theoretical nuclear physics /cby Gernot Eder ; translated by Irving Kaplan. 1aCambridge, Mass. :bM.I.T. Press,c.,c[1968] 4cc1968 aix, 349 pages :billustrations ;c24 cm 2rdacontentatextbtxt aunmediated2rdamediabn avolumebnc2rdacarrier aIncludes bibliographical references. aText in English ; translated from the original Russian language.  7aNuclear forces (Physics)2BUEsh vReading book1 aKaplan, Irving,etranslator. cBB2ddc c7647d7647 00102ddc4070aMAINbMAINc1STd2008-02-03ePurchasel0o539.75 EDEp000009063r2025-07-15 00:00:00yBB